000
00262 a2200121 4500
001
147014
040
_c
Escola São Tomás de Aquino
100
_a
FRANCO, Blandina
240
1
0
_a
Ernesto
_l
por
245
1
0
_a
Ernesto
697
_a
*LITERATURA INFANTO
942
_c
BK
999
_c
147014
_d
147014